| 000 | 00841nam a2200217 a 4500 | ||
|---|---|---|---|
| 001 | 000043581 | ||
| 005 | 20210826125355.0 | ||
| 008 | 140327s2014 dr ac 000 0 spa d | ||
| 020 | _a9789945580198 | ||
| 040 |
_aDO-SdBNP _bspa _cBNPHU |
||
| 082 |
_a923.77295 _bH831v |
||
| 245 | 0 | 0 | _aHostos visto desde la municipalidad. |
| 260 |
_aSantiago de los Caballeros : _bUAPA, _c2014. |
||
| 300 |
_a158 p. : _bil. ; _c22 cm. |
||
| 504 | _aBibliografía : p. 117 | ||
| 600 | 1 | 4 |
_aHOSTOS Y BONILLA, EUGENIO MARÍA DE, _d1839-1903 _xCRÍTICA E INTERPRETACIÓN _954187 |
| 650 | 4 |
_aIntelectuales _zPuerto Rico _91002 |
|
| 650 | 4 |
_aEducación _zRepública Dominicana _yENSAYOS, CONFERENCIAS, ETC. _954188 |
|
| 710 | 2 | 2 |
_aUniversidad Abierta para Adultos (Santiago de los Caballeros, Republica Dominicana) _971401 |
| 910 | _aValidado. Control de calidad MFF | ||
| 999 |
_c43070 _d43070 |
||